|
|
|
|
| LEADER |
00893nam a2200217 a 4500 |
| 008 |
090818r20001998 enka b 000 0 eng d |
| 020 |
|
|
|a 8175960477
|
| 020 |
|
|
|a 8175960531
|
| 040 |
|
|
|a PSt
|c PSt
|d DLC
|d BD-DhAAL
|
| 082 |
0 |
0 |
|a 371.3/0281
|2 21
|
| 100 |
1 |
|
|a Wallace, Michael J.
|
| 245 |
1 |
0 |
|a Study skills in English :
|b tutor's book /
|c Michael J. Wallace.
|
| 260 |
|
|
|a Cambridge [Eng.] ;
|a New Delhi :
|b Cambridge University Press,
|c 1998 [reprinted 2000]
|
| 300 |
|
|
|a iv, 92 p. :
|b ill. ;
|c 22 cm.
|
| 504 |
|
|
|a Includes bibliographical references.
|
| 541 |
1 |
|
|e 00009400
|
| 650 |
|
0 |
|a Study skills.
|
| 650 |
|
0 |
|a English language
|x Study and teaching (Higher)
|
| 852 |
4 |
|
|a Ayesha Abed Library
|j General shelf
|
| 999 |
|
|
|c 8606
|d 8606
|
| 952 |
|
|
|0 0
|1 0
|2 ddc
|4 0
|6 371_302810000000000_WAL_1998
|7 0
|9 10255
|a BRACUL
|b BRACUL
|c GEN
|d 2010-05-17
|l 2
|m 5
|o 371.30281 WAL
|p 3010009400
|r 2025-09-15
|s 2025-08-20
|t 1
|w 2010-05-17
|y BK
|